000 00279nam a2200097Ia 4500
082 _a158.1 MOMB
245 0 _aNou is altyd hier : waar le geluk?
100 _a MOMBERG, Marthie Kaapstad, 2004 1ste uitg
_953115
942 _cBK
008 210817s9999 xx 000 0 und d
999 _c168756
_d168755